000 00736nam a2200217Ii 4500
003 JO-AjNU
008 230605s9999||||xx |||||||||||||| ||und||
017 _a2011/6/2533
040 _aJO-AjNU
_bara
_erda
_cJO-AjNU
041 _aara
050 1 4 _aUA853 2011
100 3 _aالزبن، رعد فواز,
_eauthor
_950121
245 0 0 _aتحديات الامن الوطني الاردني واثرة على الاستقرار السياسي
250 _aط1
264 3 1 _aعمان:دار الجليل للنشر والتوزيع ، 2011
300 _a127ص
336 _atext
_btxt
_2rdacontent
337 _aunmediated
_bn
_2rdamedia
338 _avolume
_bnc
_2rdacarrier
650 4 _aالامن القومي-الاردن
_950122
999 _aA22058
_c25626
_d25626